000 00670nam a22002177a 4500
003 UA-OsUOA
001 129528
007 ta
008 20180305b un ||||| |||| 00| 0 ukr d
100 _aЗавдська Н.
090 _a02
_bЗ-13
942 _cSA
040 _aUA-OsUOA
_bukr
_cUA-OsUOA
_dUA-OsUOA
245 _aСучасний образ бібліотекаря у контексті соціальних комунікацій
300 _aС. 2-5
955 _a0
041 _aukr
080 _a02
773 0 _w129527
_tБібліотечний форум України
_dДонецьк
_d2018
_g1
650 7 _a02 Бібліотечна справа
_2UDC
999 _c417389
_d417389